书目信息 |
| 题名: |
建筑物纠倾工程设计与施工
|
|
| 作者: | 李启民 , 何新东 , 王桢 , 王存贵 编著 | |
| 分册: | ||
| 出版信息: | 北京 中国建筑工业出版社 2011 |
|
| 页数: | 13, 437页, [8] 页图版 | |
| 开本: | 26cm | |
| 丛书名: | 建筑特种工程新技术系列丛书 | |
| 单 册: | ||
| 中图分类: | TU746.3 | |
| 科图分类: | ||
| 主题词: | 建筑物--jian zhu wu--加固--工程施工 | |
| 电子资源: | ||
| ISBN: | 978-7-112-13583-7 | |
| 000 | 01294nam 2200301 450 | |
| 001 | 0100004295 | |
| 005 | 20191029105717.34 | |
| 010 | @a978-7-112-13583-7@dCNY66.00 | |
| 100 | @a20111128d2011 ekmy0chiy50 ea | |
| 101 | 0 | @achi |
| 102 | @aCN@b110000 | |
| 105 | @aafk a 000yy | |
| 200 | 1 | @a建筑物纠倾工程设计与施工@Ajian zhu wu jiu qing gong cheng she ji yu shi gong@f李启民 ... [等] 编著 |
| 210 | @a北京@c中国建筑工业出版社@d2011 | |
| 215 | @a13, 437页, [8] 页图版@c图 (部分彩图)@d26cm | |
| 225 | 2 | @a建筑特种工程新技术系列丛书@Ajian zhu te zhong gong cheng xin ji shu xi lie cong shu@v3 |
| 304 | @a还有编著: 何新东, 王桢, 王存贵 | |
| 320 | @a有书目 (第436-437页) | |
| 330 | @a本书主要内容包括:建筑物倾斜原因调查分析、建筑物纠倾工程检测与鉴定、建筑物地基变形分析与计算、建筑物纠倾工程设计、建筑物纠倾工程施工、古建筑物加固纠倾工程设计与施工、建筑物纠倾工程监测与质量控制、纠倾工程技术新探索、建筑物纠倾工程实例分析。 | |
| 410 | 0 | @12001 @a建筑特种工程新技术系列丛书@v3 |
| 606 | 0 | @a建筑物@Ajian zhu wu@x加固@x工程施工 |
| 690 | @aTU746.3@v5 | |
| 701 | 0 | @a李启民@Ali qi min@4编著 |
| 701 | 0 | @a何新东@Ahe xin dong@4编著 |
| 701 | 0 | @a王桢@Awang zhen@4编著 |
| 701 | 0 | @a王存贵@Awang cun gui@4编著 |
| 801 | 0 | @aCN@c20150827 |
| 905 | @a河南城建学院图书馆@dTU746.3@eL234 | |
| 建筑物纠倾工程设计与施工/李启民 ... [等] 编著.-北京:中国建筑工业出版社,2011 |
| 13, 437页, [8] 页图版:图 (部分彩图);26cm.-(建筑特种工程新技术系列丛书;3) |
| ISBN 978-7-112-13583-7:CNY66.00 |
| 本书主要内容包括:建筑物倾斜原因调查分析、建筑物纠倾工程检测与鉴定、建筑物地基变形分析与计算、建筑物纠倾工程设计、建筑物纠倾工程施工、古建筑物加固纠倾工程设计与施工、建筑物纠倾工程监测与质量控制、纠倾工程技术新探索、建筑物纠倾工程实例分析。 |
| ● |
| 相关链接 |
|
|
|
正题名:建筑物纠倾工程设计与施工
索取号:TU746.3/L234
 
预约/预借
| 序号 | 登录号 | 条形码 | 馆藏地/架位号 | 状态 | 备注 |
| 1 | 1177818 | 211778183 | 建筑库201/201建筑库 41排2列3层/ [索取号:TU746.3/L234] | 在馆 | |
| 2 | 1177819 | 211778192 | 建筑库201/201建筑库 41排2列3层/ [索取号:TU746.3/L234] | 在馆 | |
| 3 | 1177820 | 211778209 | 建筑库201/201建筑库 41排2列3层/ [索取号:TU746.3/L234] | 在馆 | |
| 4 | 1455257 | 214552571 | 建筑库201/201建筑库 41排2列3层/ [索取号:TU746.3/L234] | 在馆 | |
| 5 | 1455258 | 214552580 | 建筑库201/201建筑库 41排2列3层/ [索取号:TU746.3/L234] | 在馆 | |
| 6 | 1455259 | 214552599 | 建筑库201/201建筑库 41排2列3层/ [索取号:TU746.3/L234] | 在馆 | |
| 7 | 1455260 | 214552606 | 建筑库201/201建筑库 41排2列3层/ [索取号:TU746.3/L234] | 在馆 | |
| 8 | 1455261 | 214552615 | 建筑库201/201建筑库 41排2列3层/ [索取号:TU746.3/L234] | 在馆 | |
| 9 | 1455262 | 214552624 | 建筑库201/201建筑库 41排2列3层/ [索取号:TU746.3/L234] | 在馆 |